000
00283nam a22001337a 4500
008
170526b xxu||||| |||| 00| 0 eng d
020
_a
0471060704
041
_a
eng
080
_a
621
100
_a
27
101
_a
IM
245
_a
THYRISTOR DC DRIVES
_c
SEN, P.C
942
_2
udc
_c
BK
999
_c
14599
_d
14599